Normal view
MARC view
Entry Nombre de reunión
001 - NÚMERO DE CONTROL
- campo de control: 32214
003 - IDENTIFICADOR DEL NÚMERO DE CONTROL
- campo de control: OSt
005 - FECHA Y HORA DE LA ÚLTIMA TRANSACCIÓN
- campo de control: 20200615033332.0
008 - DATOS DE LONGITUD FIJA
- campo de control de longitud fija: 200615|| aca||aabn | a|a d
040 ## - FUENTE DE LA CATALOGACIÓN
- Centro catalogador/agencia de origen: OSt
- Centro/agencia transcriptor: OSt
111 ## - ENCABEZAMIENTO--NOMBRE DE CONGRESO/REUNIÓN
- Nombre de congreso/reunión o jurisdicción como elemento de entrada: Memoria del congreso sobre el Mundo Centroamericano de Su Tiempo
- Fecha del congreso/reunión: (24 - 25 - 26 - y 27 de Agosto, 1978 :
- Sede del congreso/Lugar de la reunión: Nicoya, Costa Rica)
670 ## - FUENTE DE DATOS ENCONTRADOS
- Cita de la fuente: Work cat.: (OSt)13864: Memoria del congreso sobre el Mundo Centroamericano de Su Tiempo (24 - 25 - 26 - y 27 de Agosto, 1978 : Nicoya, Costa Rica), Vo. centenario de Gonzalo Fernández de Oviedo :, [1980].
